00743nam a2200217Ia 4500001000700000008004100007035001500048041000800063084001900071110008700090245014400177260002600321300002100347650001200368650001400380650002200394650003000416650002400446650002100470650003400491004310221003s1998 xx 000 0 spa d aCENDO_8919 aspa aMU-00018-00013 aCCOObConfederación SindicalbSecretaría de la MujercSecretaría de la Mujer 0a<¡>No más agresiones contra las mujeres! :b8 de Marzo, Día Internacional de la Mujer /cSecretaría Confederal de la Mujer de CC.OO. a[S.l. :bs.n.],c1998 a22 p. ;c 30 cm aMUJERES 0aVIOLENCIA aIGUALDAD DE TRATO 0aIGUALDAD DE OPORTUNIDADES 0aCREACION DE EMPLEOS 0aACTITUD SINDICAL 0aDIA INTERNACIONAL DE LA MUJER